Diagnostic aspects of renovascular hypertension (Record no. 3173)

000 -LEADER
fixed length control field 00568nam a22001817a 4500
003 - CONTROL NUMBER IDENTIFIER
control field OSt
005 - DATE AND TIME OF LATEST TRANSACTION
control field 20210827071745.0
008 - FIXED-LENGTH DATA ELEMENTS--GENERAL INFORMATION
fixed length control field 210827b ||||| |||| 00| 0 eng d
020 ## - INTERNATIONAL STANDARD BOOK NUMBER
International Standard Book Number 9052782075
040 ## - CATALOGING SOURCE
Transcribing agency ALUPE UNIVERSITY
050 ## - LIBRARY OF CONGRESS CALL NUMBER
Classification number RC666
Item number .S37 1995
100 ## - MAIN ENTRY--PERSONAL NAME
Personal name G Schreij
245 ## - TITLE STATEMENT
Title Diagnostic aspects of renovascular hypertension
Statement of responsibility, etc. by Gerrit Schreij.
260 ## - PUBLICATION, DISTRIBUTION, ETC.
Place of publication, distribution, etc. Maastricht :
Name of publisher, distributor, etc. Universitaire Pers Maastricht,
Date of publication, distribution, etc. c1995.
300 ## - PHYSICAL DESCRIPTION
Extent 141 p. : ill. ; 24 cm.
650 ## - SUBJECT ADDED ENTRY--TOPICAL TERM
Topical term or geographic name entry element 44.85 cardiology. Renale hypertensie. Renografie.
942 ## - ADDED ENTRY ELEMENTS (KOHA)
Source of classification or shelving scheme
Koha item type Book
Suppress in OPAC JO
Holdings
Withdrawn status Lost status Source of classification or shelving scheme Damaged status Not for loan Permanent Location Current Location Shelving location Date acquired Source of acquisition Total Checkouts Full call number Barcode Date last seen Copy number Price effective from Koha item type Public note
          AU LIBRARY AU LIBRARY Open Shelf 16.06.2022 DONATION FROM MOI UNIVERSITY   RC666 .S37 1995 C2 28007883 16.06.2022 2 16.06.2022 Book CM

Powered by Koha